00327nam a2200109Ia 4500008004100000020001800041082001900059100001500078245008200093260003300175300000900208210430s9999 xx 000 0 und d a0-471-64797-7 a153.852 B337 H aJoel Bauer aHow to Persuade People Who don't Want to be PersuadedcJoel Bauer & Mark Levy aNew jerseybJohn Wileyc2004 a242p